Primetime Emmy Award for Outstanding Lead Actor in a Comedy Series - Statistics

General Stats
  • This quiz has been taken 124 times
  • The average score is 25 of 62
Answer Stats
Year Actor % Correct
1993 Ted Danson
66%
1990 Ted Danson
66%
2004 Kelsey Grammer
63%
1998 Kelsey Grammer
63%
1995 Kelsey Grammer
63%
1994 Kelsey Grammer
63%
2002 Ray Romano
63%
2014 Jim Parsons
60%
2013 Jim Parsons
60%
2011 Jim Parsons
60%
2010 Jim Parsons
60%
1982 Alan Alda
58%
1974 Alan Alda
58%
1979 Carroll O'Connor
58%
1978 Carroll O'Connor
58%
1977 Carroll O'Connor
58%
1972 Carroll O'Connor
58%
2009 Alec Baldwin
55%
2008 Alec Baldwin
55%
1954 Donald O'Connor
51%
1966 Dick Van Dyke
49%
1964 Dick Van Dyke
49%
2000 Michael J. Fox
47%
1988 Michael J. Fox
47%
1987 Michael J. Fox
47%
1986 Michael J. Fox
47%
1983 Judd Hirsch
45%
1981 Judd Hirsch
45%
1999 John Lithgow
41%
1997 John Lithgow
41%
1996 John Lithgow
41%
1991 Burt Reynolds
34%
1992 Craig T. Nelson
34%
2001 Eric McCormack
34%
1989 Richard Mulligan
34%
1980 Richard Mulligan
34%
2006 Tony Shalhoub
33%
2005 Tony Shalhoub
33%
2003 Tony Shalhoub
33%
1985 Robert Guillaume
30%
1955 Danny Thomas
29%
2012 Jon Cryer
29%
2007 Ricky Gervais
29%
2016 Jeffrey Tambor
27%
2015 Jeffrey Tambor
27%
1984 John Ritter
27%
1975 Tony Randall
26%
1976 Jack Albertson
25%
1969 Don Adams
23%
1968 Don Adams
23%
1967 Don Adams
23%
1961 Raymond Burr
21%
1958 Robert Young
21%
1956 Phil Silvers
19%
1973 Jack Klugman
18%
1971 Jack Klugman
18%
1959 Jack Benny
16%
1970 William Windom
15%
1957 Sid Caesar
12%
1963 E. G. Marshall
11%
1962 E. G. Marshall
11%
1960 Robert Stack
11%
No matching quizzes found
Score Distribution
Percent of People with Each Score
Percentile by Number Answered
Your Score History
You have not taken this quiz